000 00415nam a2200145Ia 4500
008 210716s2005 xx 000 0 und d
041 _aeng
082 _a658.4038 ICFA
245 _aCase studies in information technology and systems.
250 _a1
260 _aHyderabad
_bInstitute of chartered Financial Analysts of India
_c2005
300 _a380
440 _vI
650 _aManagement Information Systems
999 _c199538
_d199538